Rentiere des Weihnachtsmannes - Statistiken

Allgemein
  • Dieses Quiz wurde 5.763 mal gespielt
  • Das Durchschnittsergebnis liegt bei 4 aus 9
Antwortstatistiken
Rentier % Korrekt
Rudolph
97%
Blitzen
49%
Donner
47%
Dancer
43%
Vixen
40%
Dasher
36%
Prancer
32%
Comet
28%
Cupid
26%
Keine übereinstimmenden Quizze gefunden
Verteilung der Resultate
Anzahl Personen mit jedem Resultat
Perzentil nach korrekt beantworteten Fragen
Ihre Resultats-Entwicklung
Sie haben dieses Quiz noch nicht gespielt